000 00703cam a2200217 a 4500
001 15861797
005 20241021101709.0
008 090810s2009 enk b 001 0 eng
020 _a9780199219070 (pbk. : alk. paper)
020 _a0199219079 (pbk. : alk. paper)
050 0 0 _aKJE947
_b.S745 2009
082 0 0 _a341.242/2
_222
100 1 _aSteiner, Josephine.
245 1 0 _aEU law /
_cJosephine Steiner and Lorna Woods.
250 _a10th ed.
260 _aOxford ;
_aNew York :
_bOxford University Press,
_c2009.
300 _acxxi, 776 p. ;
_c25 cm.
_bIllustrations, Further Reading, Index
650 0 _aLaw
_zEuropean Union countries.
700 1 _aWoods, Lorna.
942 _2lcc
_cBK
_eTenth Edition
_n0
999 _c94
_d94